00659nam a2200241 a 4500001001300000003000900013005001700022008004100039020001000080082001500090100001800105245001900123260003600142300000900178500003500187505001300222650001900235700001800254902000800272942000700280952011500287999001500402nice12345678IN_TiNIC20260116012218.0050524s1901 lona grp 000 0 eng  ac10000a274.2bHUN aHunt, William aEnglish Church aLondonbMacmillan and Co.c1901 a444p aincludes index and biblioraphy2 aAppendix aChurch-England1 aHunt, William bSRS cBK 001040708StackRoom-aHMIbHMId2007-07-18g100.00l0o274.2 HUNp08491r2007-07-18v100.00w2005-05-24yBK c6097d6097